| 000 | 01021nam a22003137a 4500 | ||
|---|---|---|---|
| 003 | CHAP | ||
| 005 | 20230605112011.0 | ||
| 008 | 080520d2006 us r 00110 eng d | ||
| 010 | _a94817 | ||
| 011 | _a95789 | ||
| 020 | _a9780471745891 | ||
| 035 | _a106420 | ||
| 040 | _cCHAP | ||
| 082 | 0 | 4 |
_a519.9 _bM6 |
| 100 | 1 | 0 |
_aMontgomery, Douglas C. _977928 |
| 245 | 1 | 0 |
_aApplied statistics and probability for engineers _c/by Douglas C. Montgomery and George C. Runger |
| 250 | _a4 ed. | ||
| 260 |
_aNew Jersey : _bJohn Wiley & Sons, _c2006 |
||
| 300 |
_axvi, 768 p. : _bgráfs. ; tablas |
||
| 590 |
_aBATCH-UPD _b10 _c20130110 _lUCH01 _h0457 |
||
| 590 |
_aBATCH-UPD _b10 _c20130410 _lUCH01 _h0135 |
||
| 590 |
_aBATCH-UPD _b10 _c20130914 _lUCH01 _h1326 |
||
| 590 |
_aCONVERSION _b10 _c20130109 _lUCH01 _h1352 |
||
| 650 | 1 | 4 |
_aEstadística matemática. _938261 |
| 700 | 1 |
_aRunger, George C. _9100860 |
|
| 901 | _aBK | ||
| 942 | _cLIBRO | ||
| 949 |
_a519.9 M6 _bBC _cLIBRO _d33724002060538 _eLIBRO _gI.c/e _h109506 _i106420 _so _t$854.00 |
||
| 999 |
_c94817 _d94817 |
||